| 000 | 00521nam a2200157 4500 | ||
|---|---|---|---|
| 999 |
_c6610 _d6610 |
||
| 008 | 170421b xxu||||| |||| 00| 0 eng d | ||
| 022 | _a0091-4169 | ||
| 082 | _aDPer 364.05 J82 2013 v. 103, n. 2 | ||
| 100 |
_920016 _aThaxton, Sherod |
||
| 245 |
_aLeveraging death/ _cSherod Thaxton. |
||
| 260 |
_aEvanston: _bNorthwestern University Press, _c©2013. |
||
| 300 |
_av103 n2, pages 475-552; _c25 cm. |
||
| 500 | _aThe Journal of criminal law and criminology. | ||
| 650 | 0 |
_920017 _aCapital punishment |
|
| 942 |
_2ddc _cPER |
||